| 000 | 01004pam a2200325 i 4500 | ||
|---|---|---|---|
| 999 |
_c1253 _d1253 |
||
| 001 | 017182465 | ||
| 003 | Uk | ||
| 005 | 20230104075503.0 | ||
| 008 | 150324r20151959enk j 000 1 eng d | ||
| 015 |
_aGBB556895 _2bnb |
||
| 016 | 7 |
_a017182465 _2Uk |
|
| 020 | _a9780141359427 (pbk.) : | ||
| 040 |
_aStDuBDS _beng _cStDuBDS _dUk _dKH8 _erda |
||
| 042 | _aukblcatcopy | ||
| 082 | 0 | 4 |
_a823.914 MAR _223 |
| 100 | 1 |
_aMarshall, James Vance, _d1924- _eauthor. |
|
| 240 | 1 | 0 | _aChildren |
| 245 | 1 | 0 |
_aWalkabout / _cJames Vance Marshall. |
| 264 | 1 |
_aLondon : _bPuffin, _c2015. |
|
| 300 |
_a149 pages ; _c20 cm |
||
| 336 |
_atext _2rdacontent |
||
| 337 |
_aunmediated _2rdamedia |
||
| 338 |
_avolume _2rdacarrier |
||
| 500 | _aOriginally published: as The children. London: Michael Joseph, 1959. | ||
| 500 |
_aFormerly CIP. _5Uk |
||
| 650 | 0 |
_aAirplane crash survival _zAustralia _vJuvenile fiction. |
|
| 650 | 0 |
_aAboriginal Australians _vJuvenile fiction. |
|
| 655 | 0 | _aChildren's stories. | |
| 942 |
_2ddc _cFIC |
||